[Event "GER-ch Net Amateur Gr-C Vor3"]
[Site "Playchess.com INT"]
[Date "2020.04.16"]
[Round "4"]
[White "Niese, Juergen"]
[Black "Li, Xiaoteng"]
[Result "0-1"]
[WhiteElo "1027"]
[BlackElo "1418"]
[PlyCount "72"]
[EventDate "2020.04.16"]
[EventType "swiss (blitz)"]
[EventRounds "9"]
[EventCountry "GER"]
[SourceTitle "CBM 195 Extra"]
[Source "ChessBase"]
[SourceDate "2020.05.31"]
[SourceVersion "1"]
[SourceVersionDate "2020.05.31"]
[SourceQuality "1"]

1. d4 d5 2. Nf3 Nc6 3. e3 a6 4. c4 e6 5. Nc3 Nf6 6. cxd5 exd5 7. Bd3 Bb4 8. 0-0 0-0 9. Qc2 Be6 10. Ng5 h6 11. Nh7 Nxh7 12. Bxh7+ Kh8 13. Bd3 Kg8 14. Ne2 Re8 15. Nf4 Bd7 16. Nxd5 Qg5 17. Nxb4 Nxb4 18. Qc4 Nxd3 19. Qxd3 Bh3 20. g3 Qd5 21. f3 Bxf1 22. Kxf1 Qxf3+ 23. Kg1 Re7 24. Bd2 Rae8 25. Rf1 Qg4 26. Rf4 Qg6 27. Qxg6 fxg6 28. Rf3 g5 29. g4 c6 30. b4 Rf8 31. Kg2 Rxf3 32. Kxf3 Rf7+ 33. Ke2 Rf6 34. a4 Re6 35. h3 b5 36. axb5 cxb5 0-1

[Event "GER-ch Net Amateur Gr-C Vor3"]
[Site "Playchess.com INT"]
[Date "2020.04.16"]
[Round "2"]
[White "Reich, Elisabeth"]
[Black "Li, Xiaoteng"]
[Result "1-0"]
[WhiteElo "1579"]
[BlackElo "1444"]
[PlyCount "41"]
[EventDate "2020.04.16"]
[EventType "swiss (blitz)"]
[EventRounds "9"]
[EventCountry "GER"]
[SourceTitle "CBM 195 Extra"]
[Source "ChessBase"]
[SourceDate "2020.05.31"]
[SourceVersion "1"]
[SourceVersionDate "2020.05.31"]
[SourceQuality "1"]

1. e4 e5 2. Nf3 Nc6 3. d4 exd4 4. c3 dxc3 5. Bc4 cxb2 6. Bxb2 Nf6 7. Qb3 Bb4+ 8. Nbd2 Ke7 9. 0-0 Bxd2 10. Nxd2 Na5 11. Qb4+ Ke8 12. Qxa5 b6 13. Qa4 c6 14. Qb3 b5 15. Bxf7+ Kf8 16. Ba3+ b4 17. Bxb4+ c5 18. Bxc5+ d6 19. Be3 Ng4 20. Bh5 Qh4 21. Qf7# 1-0

[Event "GER-ch Net Amateur Gr-C Vor2"]
[Site "Playchess.com INT"]
[Date "2020.04.15"]
[Round "1"]
[White "Glaeser, Alexander"]
[Black "Li, Xiaoteng"]
[Result "1/2-1/2"]
[WhiteElo "1620"]
[BlackElo "1358"]
[PlyCount "74"]
[EventDate "2020.04.15"]
[EventType "swiss (blitz)"]
[EventRounds "9"]
[EventCountry "GER"]
[SourceTitle "CBM 196 Extra"]
[Source "ChessBase"]
[SourceDate "2020.07.31"]
[SourceVersion "1"]
[SourceVersionDate "2020.07.31"]
[SourceQuality "1"]

1. e4 e5 2. Nf3 Nc6 3. d4 exd4 4. Nxd4 Nxd4 5. Qxd4 Nf6 6. Nc3 Be7 7. Bg5 0-0 8. Bc4 d6 9. 0-0-0 Bg4 10. f3 Be6 11. Bxe6 fxe6 12. f4 e5 13. fxe5 dxe5 14. Qc4+ Nd5 15. Bxe7 Qxe7 16. Nxd5 Qg5+ 17. Rd2 Rf2 18. Rhd1 Rxg2 19. Nxc7+ Kf8 20. Ne6+ Ke8 21. Nxg5 Rxg5 22. Qb5+ Kf8 23. Rd8+ Rxd8 24. Rxd8+ Ke7 25. Qd7+ Kf6 26. Rf8+ Kg6 27. Qe6+ Kh5 28. Rf5 Kh4 29. Rxg5 Kxg5 30. Qf5+ Kh4 31. Qf2+ Kg5 32. h4+ Kh5 33. Qg3 h6 34. Qf3+ Kg6 35. Qg4+ Kh7 36. Qf5+ Kg8 37. Qe6+ Kh7 1/2-1/2

[Event "GER-ch Net Amateur Gr-C Vor2"]
[Site "Playchess.com INT"]
[Date "2020.04.15"]
[Round "2"]
[White "Li, Xiaoteng"]
[Black "Guntermann, Erik"]
[Result "0-1"]
[WhiteElo "1393"]
[BlackElo "1557"]
[PlyCount "74"]
[EventDate "2020.04.15"]
[EventType "swiss (blitz)"]
[EventRounds "9"]
[EventCountry "GER"]
[SourceTitle "CBM 196 Extra"]
[Source "ChessBase"]
[SourceDate "2020.07.31"]
[SourceVersion "1"]
[SourceVersionDate "2020.07.31"]
[SourceQuality "1"]

1. e4 c5 2. Nf3 Nc6 3. Nc3 e6 4. Be2 Nf6 5. d4 cxd4 6. Nxd4 Qb6 7. Nxc6 bxc6 8. b3 Bb4 9. Bb2 Nxe4 10. Qd3 Qxf2+ 11. Kd1 Nxc3+ 12. Bxc3 Bxc3 13. Qxc3 Qxg2 14. Rf1 Bb7 15. Qf3 Qxf3 16. Rxf3 Ke7 17. Rg3 Rhg8 18. Bc4 h6 19. Kd2 d5 20. Bd3 g5 21. Rh3 Rh8 22. Rf1 Raf8 23. Rh5 f5 24. Rf2 f4 25. h4 Rfg8 26. hxg5 hxg5 27. Rfh2 Rxh5 28. Rxh5 Rg7 29. Bg6 Rxg6 30. Rh7+ Kd6 31. Rxb7 g4 32. Rxa7 g3 33. Ra4 g2 34. Rxf4 g1Q 35. Rf3 Qg2+ 36. Rf2 Qxf2+ 37. Kd3 Rg3# 0-1

[Event "GER-ch Net Amateur Gr-C Vor1"]
[Site "Playchess.com INT"]
[Date "2020.04.14"]
[Round "6"]
[White "Li, Xiaoteng"]
[Black "Tropf, Peter"]
[Result "1-0"]
[WhiteElo "1620"]
[BlackElo "1196"]
[PlyCount "108"]
[EventDate "2020.04.14"]
[EventType "swiss (blitz)"]
[EventRounds "9"]
[EventCountry "GER"]
[SourceTitle "CBM 196 Extra"]
[Source "ChessBase"]
[SourceDate "2020.07.31"]
[SourceVersion "1"]
[SourceVersionDate "2020.07.31"]
[SourceQuality "1"]

1. e4 e5 2. Nf3 Nf6 3. Nc3 Nc6 4. Bc4 Nxe4 5. Nxe4 d5 6. Bd3 dxe4 7. Bxe4 Bd7 8. d3 Bc5 9. 0-0 0-0 10. Be3 Bxe3 11. fxe3 Bg4 12. h3 Bh5 13. d4 exd4 14. exd4 Nxd4 15. Qxd4 Bxf3 16. Qxd8 Raxd8 17. Rxf3 f6 18. Bd3 b6 19. Bc4+ Kh8 20. Raf1 Rd4 21. Bd3 c5 22. Rf4 Rd7 23. Bb5 Rc7 24. Bc4 Rd8 25. c3 Rd2 26. R1f2 Rxf2 27. Rxf2 Re7 28. Re2 Rxe2 29. Bxe2 Kg8 30. Bc4+ Kf8 31. Kf2 Ke7 32. Ke3 Kd6 33. Ke4 g6 34. g4 h6 35. Bf7 g5 36. Bg6 Ke6 37. Bf5+ Kd6 38. Bh7 a5 39. Kf5 Kd5 40. Kxf6 b5 41. Kg6 b4 42. cxb4 c4 43. b5 Kc5 44. b6 Kxb6 45. Kxh6 Kc5 46. Kxg5 Kb4 47. h4 a4 48. Bg6 a3 49. bxa3+ Kxa3 50. h5 c3 51. h6 Kxa2 52. h7 c2 53. Bxc2 Kb2 54. h8Q+ Ka3 1-0